000 01367cam a2200253 4500
001 ABS65045
008 020121n2001 000 0 eng u
035 _a(Sirsi) u116381
100 _aTinworth, A
245 _aJourneyman rewires property's data relay
260 _c2001
490 _aEstates Gazette
_v(0150) 15 December 2001, 78-79(2)
520 _aFollowing several missed launch dates, the troubled property investment data exchange Propex is being partly taken over by PrimePitch.com, the online investment marketing service. Article discusses the rationale behind PrimePitch's investment, and suggests that the services are complementary with PrimePitch aimed at the private investor and Propex aimed at the institutional market. Argues that Propex is not trying to eliminate the agent's role, but is designed to facilitate information exchange and requires participation from agents to succeed. Concludes that Propex will still have a hard time ahead, especially with other websites entering the investment market. Includes business models for PrimePitch and Propex. Charts.
590 _aABS
650 _aPROPEX
650 _aINVESTMENT PROPERTY
650 _aINVESTMENT MARKET
650 _aAGENTS
650 _aPRIMEPITCH
650 _aE-COMMERCE
650 _aWEBSITES
690 _aINFORMATION TECHNOLOGY-INTERNET
942 _n0
999 _c69311
_d69311